00665nam a2200181 i 450000100060000000300090000600500170001500700030003200800410003508000420007610000380011824500640015626000460022030000260026650000850029260000720037785200340044967017ES-MaACL20231213062938.0t|040430s1978 sp ||||1| spa d a821.134.2 Pérez Galdos, Benito 1.061 aYnduráin, Francisco,d1910-199410aLo "cursi" en la obra de Galdós / cFrancisco Ynduráin. aGran Canaria : bCabildo Insular, c1978. ap. 266-282 ; c23 cm. aSeparata de: Actas del Segundo Congreso Internacional de Estudios Galdosianos I.14aPérez Galdós, Benito,d1843-1920-xCrítica e interpretación aES-MaACLj2169-F-7 bR.123582